Multi-Dimensional Review of Thailand

Guardado en:
Detalles Bibliográficos
Formato: Libro
Lenguaje:inglés
Publicado: Paris OECD 2018
Colección:OECD Development Pathways
Materias:
Etiquetas: Agregar Etiqueta
Sin Etiquetas, Sea el primero en etiquetar este registro!

MARC

LEADER 00000nam a2200000 4500
001 0242981
005 20221220065654.7
020 |a 978-92-64-29327-4 
041 0 |a eng 
044 |a FR 
245 1 0 |a Multi-Dimensional Review of Thailand 
264 1 |a Paris  |b OECD  |c 2018 
300 |a 177 s. 
490 1 |a OECD Development Pathways 
830 0 |a OECD Development Pathways 
610 2 0 |a situácia hospodárska 
610 2 0 |a rozvoj hospodársky 
610 2 0 |a rast hospodársky 
610 2 0 |a vzdelávanie 
610 2 0 |a kvalita vzdelávania 
610 2 0 |a ženy 
610 2 0 |a produktivita 
610 2 0 |a politika fiškálna 
610 2 0 |a starostlivosť zdravotná 
610 2 0 |a systémy dôchodkové 
610 2 0 |a zdroje prírodné 
610 2 0 |a kvalita života 
610 2 0 |a mier 
610 2 0 |a korupcia 
610 2 0 |a Thajsko